Murder in the cathedral
محفوظ في:
| المؤلف الرئيسي: | |
|---|---|
| التنسيق: | كتاب |
| اللغة: | Spanish |
| منشور في: |
New York, Estados Unidos
Harcourt, Brace & World
1963
|
| الموضوعات: | |
| الوسوم: |
إضافة وسم
لا توجد وسوم, كن أول من يضع وسما على هذه التسجيلة!
|
MARC
| LEADER | 00000nam a2200000Ia 4500 | ||
|---|---|---|---|
| 008 | 170316s9999 xx 000 0 spad | ||
| 999 | |c 20981 |d 20981 | ||
| 040 | |a cru BVZT | ||
| 090 | |a 810 E-8m | ||
| 100 | |a Eliot, Thomas Stearns | ||
| 245 | |a Murder in the cathedral | ||
| 260 | |a New York, Estados Unidos | ||
| 260 | |b Harcourt, Brace & World | ||
| 260 | |c 1963 | ||
| 300 | |a 89 páginas | ||
| 650 | |a LITERATURA ESTADOUNIDENSE |9 25 | ||
| 650 | |a EN IDIOMA INGLÉS |9 129 | ||
| 650 | |a DRAMA POÉTICO | ||
| 942 | |c 15 D |h 810 E-8m |2 z | ||
